| 000 | 00705nam a2200193 i 4500 | ||
|---|---|---|---|
| 001 | 95887 | ||
| 003 | ES-MaACL | ||
| 005 | 20230906181808.0 | ||
| 007 | t| | ||
| 008 | 050607s1949 sp ||||1| spa d | ||
| 100 | 1 |
_aMac Fadden, Charles J. _975025 |
|
| 245 | 1 | 3 |
_aLa filosofía del comunismo / _cpor Charles J. McFedden...; prólogo de Mons, Fulton J. Sheen...; traducción del inglés de la última edición norteamericana por el R. P. Lope Cilleruelo. |
| 260 |
_aValladolid : _bS.E.V.E.R., _c1949. |
||
| 300 |
_aXXXII, 421 p. ; _c22 cm. |
||
| 700 |
_aSheen, Fulton J. _d1895-1979 _9227301 |
||
| 700 | 1 |
_aLope Cilleruelo, R. P. _973277 |
|
| 852 |
_aES-MaACL _jD-8061 _bR.28948 |
||
| 999 |
_c95887 _d95887 |
||